| 000 | 00616nam a2200205Ia 4500 | ||
|---|---|---|---|
| 001 | 19579 | ||
| 003 | GE_BSU | ||
| 008 | 181216s||||||||xx |||||||||||||| ||und|| | ||
| 040 | _cGE_BSU | ||
| 080 | _a02 | ||
| 245 | _aბიბლიოთეკარის პროფესიული ეთიკა | ||
| 260 | _aთბილისი | ||
| 260 | _c? | ||
| 300 | _a22გვ. | ||
| 541 | _h2ლ.55თ. | ||
| 653 | _aბიბლიოთეკარი | ||
| 653 | _aბიბლიოთეკარის პროფესიული ეთიკა | ||
| 653 | _aქსეროქსი | ||
| 942 | _cBK | ||
| 999 |
_c52555 _d52555 |
||